| 000 | 00502nam a22001817a 4500 | ||
|---|---|---|---|
| 005 | 20231214062446.0 | ||
| 008 | 231214b |||||||| |||| 00| 0 eng d | ||
| 020 | _a9780639013060 | ||
| 041 | _aEnglish | ||
| 082 | _a343.4 TRA | ||
| 100 | _lEnglish | ||
| 245 | _aTransfer and Bond Costs | ||
| 250 | _aJuly 2021 Edition | ||
| 260 |
_aDurban : _bLexisNexis (Pty) Ltd, _c2021 |
||
| 300 |
_b118 pages ; _c25 cm. |
||
| 650 |
_aLegal practice _bLaw |
||
| 942 |
_cBK _6ALISON_BN_VRIES |
||
| 999 |
_c1191 _d1191 |
||